| 000 | 02112cas a2200505 a 4500 | ||
|---|---|---|---|
| 001 | 11165726 | ||
| 005 | 20090710113244.0 | ||
| 008 | 760316c19721988mduqr1 |da 001 0 eng d | ||
| 010 |
_a 72625079 _z 93648751 _zsn 79008302 |
||
| 016 | 7 |
_a0326627 _2DNLM |
|
| 016 | 7 |
_aE05300000 _2DNLM |
|
| 022 | 0 | _a0361-3313 | |
| 030 | _zECAJA | ||
| 032 |
_a001479 _bUSPS |
||
| 035 | _a(OCoLC)ocm02051533 | ||
| 037 | _bCSA Journal Division, 7200 Wisconsin Ave., Suite 601, Bethesda, MD 20814 | ||
| 040 |
_aNSDP _cNSDP _dOCoLC _dNSDP _dDLC _dOCoLC _dNST _dNSDP _dNST _dNSDP _dNST _dDLC _dNSDP _dDLC _dOCoLC _dDNLM _dDLC _dNSDP |
||
| 042 |
_ansdp _alc |
||
| 050 | 0 | 0 |
_aTK7800 _b.E43859 |
| 060 | 0 | 0 |
_aZ 5836 _bE38 |
| 082 |
_a621.38108 _222 _bCSA |
||
| 222 | 0 | _aElectronics and communications abstracts journal | |
| 245 | 0 | 0 | _aElectronics & communications abstracts journal. |
| 246 | 1 | 3 | _aElectronics & communications abstracts |
| 246 | 1 | 3 | _aElectronics & comm. abstracts |
| 260 |
_aRiverdale, Md. : _bCambridge Scientific Abstracts, 1988 _c1988 |
||
| 300 |
_a602 p. ; _c28 cm. |
||
| 500 | _aDonation | ||
| 530 | _aAlso published online. | ||
| 550 | _aIssued also by: Engineering Information, Inc. | ||
| 590 | _aSERBIB/SERLOC merged record | ||
| 650 | 0 |
_aElectronics _vAbstracts _vPeriodicals. _910864 |
|
| 650 | 0 |
_aTelecommunication _vAbstracts _vPeriodicals. _910865 |
|
| 650 | 2 |
_aCommunication _vAbstracts. _910866 |
|
| 650 | 2 |
_aComputer-Assisted Instruction _vAbstracts. _910867 |
|
| 650 | 2 |
_aElectronics _vAbstracts. _910868 |
|
| 710 | 2 |
_aCambridge Scientific Abstracts, Inc. _910869 |
|
| 710 | 2 |
_aEngineering Information, Inc. _910870 |
|
| 776 | 1 |
_tElectronics and communications abstracts journal (Online) _x1555-6549 |
|
| 780 | 0 | 0 |
_tElectronics abstracts journal _x0013-5097 _w(DLC) 93648750 _w(OCoLC)2250855 |
| 942 |
_2ddc _cBB |
||
| 999 |
_c13255 _d13255 |
||